1367 1507 1872 1106 1783 1717 1345 1586 1281 1590 1716 1931 1706 1032 1673 1136 1420 1014 1345 1622 1561 1044 1467 1081 1813 1657 1403 1949 1516 1494 1163 1228 1273 1875 1363 1747 1835 1831 1421 1048 1584 1761 1293 1095 1690 1998 1220 1436 1469 1111 1807 1757 1649 1943 1499 1303 1697 1070 1774 1800 1756 1317 1023 1469 1064 1325 1438 1512 1669 1156 1446 1252 1523 1133 1488 1760 1731 1219 1831 1247 1268 1766 1654 1794 1733 1491 1409 1322 1065 1229 1389 1798 1065 1875 1705 1791 1694 1680 1835 BCNSPRNW ULIB Ver.6.0+V

เปลี่ยนเป็นภาษาไทย

Change to English
 แสดงรายละเอียดบรรณานุกรม
  กลับหน้าหลัก

Brief Record : Get Marc (ISO 2709) : E-mail record : QR code < ปิดหน้าต่าง
LEADER : 00000nam 2200000uu 4500
001    13399122501
003     ULIB
008    020711s2553 th a 000 0 tha d
020    9786167345116
090    นว.^bว285ส
100    วาสนา
110    ลีลาวดี
245    สาวมะนาวหวาน/^cวาสนา
250    พิมพ์ครั้งที่ 1
260    กรุงเทพฯ :^bลีลาวดี,^c2553
300    192 หน้า
945    ^p159^l0^i19960
999    ^aทศพร เกษรทอง
รายการนี้ยังไม่มีแท็ก
คุณยังไม่ได้ล็อกอิน คุณสามารถมีกิจกรรมร่วมกับเว็บไซต์ได้ แต่ต้องล็อกอินก่อน ::
  ล็อกอิน

รายการสื่อสารสนเทศ

ลำดับที่ ประเภท เลขเรียก/บาร์โค้ด สถานที่ สถานะ
1. นวนิยาย
นวนิยาย
นว. ว285ส ฉ.1 
  Barcode: 19960
ห้องสมุดวิทยาเขตสวรรค์ประชารักษ์
►นวนิยาย
บนชั้น
  ขอยืม

รายการใกล้เคียง
    ผู้แต่ง [วาสนา]

BibComment


ยังไม่เคยถูกคอมเมนท์

คอมเมนท์ทรัพยากรรายการนี้
  คอมเมนท์: สาวมะนาวหวาน วาสนา


 Copyright 2026. Bcnsprnw @Library